| 000 | 00808nam a2200277Ia 4500 | ||
|---|---|---|---|
| 001 | Z_496 | ||
| 003 | CHAP | ||
| 008 | 220113s1977 xx 000 0 und d | ||
| 010 | _a163473 | ||
| 040 | _cCHAP | ||
| 090 | _aTesis L 566 | ||
| 100 |
_aLópez Robles, Jesús _968282 |
||
| 245 |
_aAnálisis técnico, económico y financiero de una explotación lechera ejidal / _cpor Jesús López Robles |
||
| 260 |
_aChapingo, Méx. : _bEl autor, _c1977 |
||
| 300 | _a110 h. | ||
| 502 | _aTesis (Ing. Agrónomo Esp. en Zootecnia) -- ENA. Departamento de Zootecnia | ||
| 650 |
_aEjido Francisco Villa, Tlax. _935905 |
||
| 650 |
_aEjidos ganaderos _936055 |
||
| 650 |
_aLeche _xProducción _965400 |
||
| 901 | _aTESIS L 566 | ||
| 902 | _aM | ||
| 910 | _a1977 | ||
| 942 | _c2 | ||
| 942 | _c2 | ||
| 999 |
_c163473 _d163473 |
||